| 000 | 02231cam a22003738i 4500 | ||
|---|---|---|---|
| 999 |
_c10421 _d10421 |
||
| 001 | 39897303 | ||
| 003 | OCoLC | ||
| 005 | 20241126110732.0 | ||
| 008 | 980904s1998 miuab b 001 0 eng | ||
| 010 | _a98040728 | ||
| 020 | _a0801021774 | ||
| 020 | _a9780801021770 | ||
| 020 | _a0801021174 | ||
| 035 | _a(OCoLC)39897303 | ||
| 040 |
_aDLC _beng _erda _cDLC _dWTS _dLTS |
||
| 050 | 0 | 0 |
_aBS1239 _b.A76 1998 |
| 082 | 0 | 0 |
_a222.1106 _221 _bARN |
| 100 | 1 |
_aArnold, Bill T. _0https://id.loc.gov/authorities/names/n98029316 _912682 |
|
| 245 | 1 | 0 |
_aEncountering the book of Genesis / _cBill T. Arnold. |
| 263 | _a9812. | ||
| 264 | 1 |
_aGrand Rapids, Mich. : _bBaker Books, _c1998. |
|
| 300 |
_a234 pages : _billustrations, maps ; _c26 cm. |
||
| 336 |
_atext _btxt _2rdacontent |
||
| 337 |
_aunmediated _bn _2rdamedia |
||
| 338 |
_avolume _bnc _2rdacarrier |
||
| 490 | 1 |
_aEncountering biblical studies ; _v1998 |
|
| 504 | _aIncludes bibliographical references (pages 219-220) and indexes. | ||
| 505 | 0 | _aEncountering God's creation (Genesis 1-11) -- Encountering Abraham: God's faithful servant (Genesis 12-25) -- Encountering Jacob: God's troubled servant (Genesis 25-36) -- Encountering Joseph: God's model servant (Genesis 37-50) -- Encountering the authorship of Genesis. | |
| 520 | 1 | _a"The Book of Genesis stands as one of the most important books of the entire Bible, but despite the familiarity of its stories, the meaning and significance of the narratives are not always readily apparent. To help readers come to a clear understanding of this important book, Bill Arnold moves through Genesis section by section, exploring its main themes and sorting through its difficult interpretive issues. Encountering the Book of Genesis also features numerous illustrations, sidebars addressing contemporary concerns, and various study aids."--BOOK JACKET. | |
| 630 | 0 | 0 |
_aBible. _pGenesis _0https://id.loc.gov/authorities/names/n80017837 _vTextbooks. _0https://id.loc.gov/authorities/subjects/sh99001753 _913128 |
| 655 | 7 |
_aTextbooks. _2lcgft _0https://id.loc.gov/authorities/genreForms/gf2014026191 _91529 |
|
| 830 | 0 |
_aEncountering biblical studies ; _0https://id.loc.gov/authorities/names/n98029318 _v1998. _915193 |
|
| 942 |
_2ddc _cBK _04 |
||